Az Illés-zenekar koncertje
Elmentve itt :
| Szerző: | |
|---|---|
| Dokumentumtípus: | Cikk |
| Megjelent: |
1968-04-10
|
| Sorozat: | Délmagyarország
58 No. 84 |
| Kulcsszavak: | Halmi Gábor, Könnyűzenei koncert Szeged 1968, tánczene |
| Online Access: | http://dmarchiv.bibl.u-szeged.hu/77005 |
| LEADER | 00498nab a2200157 i 4500 | ||
|---|---|---|---|
| 001 | delm77005 | ||
| 005 | 20180928084320.0 | ||
| 008 | 180928s1968 hu o 0|| hun d | ||
| 040 | |a SZTE Délmagyarország Archívum |b hun | ||
| 041 | |a hun | ||
| 100 | 1 | |a Nikolényi István | |
| 245 | 1 | 3 | |a Az Illés-zenekar koncertje |h [elektronikus dokumentum] / |c Nikolényi István |
| 260 | |c 1968-04-10 | ||
| 300 | |a 5 | ||
| 490 | 0 | |a Délmagyarország |v 58 No. 84 | |
| 695 | |a Halmi Gábor, Könnyűzenei koncert Szeged 1968, tánczene | ||